[Event "WchT Rapid"]
[Site "London"]
[Date "2025.06.12"]
[Round "8.5"]
[White "Balabayeva, Kseniya"]
[Black "Kosteniuk, Alexandra"]
[Result "1/2-1/2"]
[WhiteElo "2270"]
[BlackElo "2483"]
[PlyCount "153"]
[EventDate "2025.06.11"]
[EventType "team-swiss"]
[EventRounds "12"]
[EventCountry "ENG"]
[SourceTitle "CB25_2025"]
[SourceDate "2025.06.18"]
[SourceVersion "1"]
[SourceVersionDate "2025.06.18"]
[SourceQuality "1"]
[WhiteTeam "Barys.kz"]
[BlackTeam "WR Chess"]
[WhiteTeamCountry "KAZ"]
[BlackTeamCountry "GER"]

1. d4 Nf6 2. Nf3 d5 3. Bf4 e6 4. e3 c5 5. c3 Nc6 6. Nbd2 cxd4 7. exd4 Nh5 8. Be3 Bd6 9. Bb5 Qb6 10. Qb3 0-0 11. 0-0 Bd7 12. Be2 Qc7 13. Ne5 Bxe5 14. dxe5 Qxe5 15. Qxb7 Rfd8 16. Qa6 Nf6 17. Nf3 Qc7 18. Nd4 Ne4 19. Nb5 Qe5 20. f4 Qb8 21. Qa3 a6 22. Nd4 Nxd4 23. Bxd4 Bb5 24. Bxb5 axb5 25. Qe7 Re8 26. Qh4 f6 27. a3 Ra4 28. Rad1 Nd6 29. g4 e5 30. fxe5 fxe5 31. Bf2 Qc8 32. h3 Qe6 33. Qh5 Rf4 34. Bg3 g6 35. Qh6 Nf7 36. Qh4 Rxf1+ 37. Rxf1 e4 38. Qf6 e3 39. Qxe6 Rxe6 40. Re1 h5 41. gxh5 gxh5 42. Bf4 e2 43. Kf2 Rf6 44. Ke3 Re6+ 45. Kf3 Rf6 46. Rxe2 Ng5+ 47. Ke3 Nxh3 48. Be5 Rf5 49. Rg2+ Kf7 50. Rg7+ Ke6 51. Bd4 Nf2 52. Rh7 Nd1+ 53. Ke2 Nxb2 54. Rh6+ Kf7 55. Rh7+ Kg6 56. Rg7+ Kh6 57. Rb7 Nc4 58. Rxb5 Nxa3 59. Be3+ Kg6 60. Rb6+ Kf7 61. Bd4 Nc4 62. Rh6 Ne5 63. Bxe5 Rxe5+ 64. Kf3 Ke7 65. Kf4 Re4+ 66. Kf5 h4 67. Kg5 Rc4 68. Kf5 Re4 69. Kg5 Re3 70. Kf4 Rxc3 71. Ke5 Rh3 72. Kxd5 Kf7 73. Ke4 Kg7 74. Rh5 Kg6 75. Rh8 Ra3 76. Kf4 h3 77. Kg4 1/2-1/2

[Event "KAZ-ch (Women)"]
[Site "Astana"]
[Date "2025.05.31"]
[Round "12"]
[White "Balabayeva, Kseniya"]
[Black "Assylkhan, Asiya"]
[Result "1-0"]
[WhiteElo "2311"]
[BlackElo "1939"]
[PlyCount "79"]
[EventDate "2025.05.21"]
[EventType "tourn"]
[EventRounds "13"]
[EventCountry "KAZ"]
[SourceTitle "CB24_2025"]
[SourceDate "2025.06.11"]
[SourceVersion "1"]
[SourceVersionDate "2025.06.11"]
[SourceQuality "1"]

1. d4 Nf6 2. Nf3 e6 3. Bf4 b6 4. e3 Bb7 5. Nbd2 Be7 6. h3 c5 7. c3 0-0 8. Bd3 d5 9. 0-0 Nbd7 10. a4 a6 11. Ne5 Ne4 12. Bxe4 dxe4 13. Nxd7 Qxd7 14. Nc4 Qd8 15. a5 b5 16. Nb6 Ra7 17. dxc5 Bxc5 18. Nd7 Be7 19. Nxf8 Qxf8 20. Qd7 Bc5 21. Rfd1 Bd5 22. Rxd5 exd5 23. Qxd5 h6 24. Rd1 Ra8 25. Qxe4 Re8 26. Qb7 g5 27. Bg3 Re6 28. Rd7 Qe8 29. Qd5 Be7 30. Rb7 Kg7 31. Be5+ Bf6 32. Bxf6+ Rxf6 33. Rb6 Re6 34. Rxe6 fxe6 35. Qb7+ Kf6 36. Qxa6 Qd7 37. Qa8 Qd1+ 38. Kh2 Qd2 39. a6 Qd6+ 40. g3 1-0

[Event "KAZ-ch (Women)"]
[Site "Astana"]
[Date "2025.05.27"]
[Round "8"]
[White "Balabayeva, Kseniya"]
[Black "Kamarova, Zhanbota"]
[Result "1-0"]
[WhiteElo "2311"]
[BlackElo "1954"]
[PlyCount "87"]
[EventDate "2025.05.21"]
[EventType "tourn"]
[EventRounds "13"]
[EventCountry "KAZ"]
[SourceTitle "CB24_2025"]
[SourceDate "2025.06.11"]
[SourceVersion "1"]
[SourceVersionDate "2025.06.11"]
[SourceQuality "1"]

1. d4 Nf6 2. Nf3 d5 3. Bf4 c5 4. e3 Nc6 5. Nbd2 e6 6. c3 Nh5 7. Bg5 f6 8. Bh4 g6 9. Bd3 cxd4 10. cxd4 Be7 11. 0-0 Kf7 12. Bg3 Bd7 13. a3 Kg7 14. Rc1 Qb6 15. b4 Nxg3 16. hxg3 a5 17. b5 Na7 18. a4 Rac8 19. Qb3 Bb4 20. Qb1 Be8 21. Rxc8 Nxc8 22. Rc1 Bf7 23. Rc2 Nd6 24. Qc1 Re8 25. g4 Qd8 26. g5 fxg5 27. Ne5 h5 28. Nb3 Re7 29. Nc5 g4 30. Qb1 Nf5 31. Bxf5 gxf5 32. Ned3 Bxc5 33. dxc5 Rc7 34. Qb2+ Kg8 35. Ne5 Be8 36. b6 Rc8 37. c6 bxc6 38. b7 Rb8 39. Nxc6 Bxc6 40. Rxc6 Qd7 41. Qe5 Rxb7 42. Rxe6 Qg7 43. Re8+ Kh7 44. Qxf5+ 1-0

[Event "Asia-ch (Women) Blitz"]
[Site "Al Ain"]
[Date "2025.05.10"]
[Round "6"]
[White "Balabayeva, Kseniya"]
[Black "Serikbay, Assel"]
[Result "1-0"]
[WhiteElo "2311"]
[BlackElo "2223"]
[PlyCount "74"]
[EventDate "2025.05.10"]
[EventType "swiss (blitz)"]
[EventRounds "9"]
[EventCountry "UAE"]
[SourceTitle "CB20_2025"]
[SourceDate "2025.05.14"]
[SourceVersion "1"]
[SourceVersionDate "2025.05.14"]
[SourceQuality "1"]

1. d4 d5 2. Nf3 Nf6 3. Bf4 c5 4. e3 Nc6 5. Nbd2 Bg4 6. c3 e6 7. h3 Bh5 8. Qb3 Qb6 9. Qxb6 axb6 10. Bb5 Nd7 11. Ne5 Ndxe5 12. Bxe5 Kd7 13. 0-0 f6 14. Bh2 Bd6 15. f4 Ke7 16. Bd3 f5 17. a3 c4 18. Bc2 b5 19. Kf2 g5 20. Bg3 g4 21. hxg4 Bxg4 22. Bh4+ Kd7 23. Nf3 Rhg8 24. Rh1 h5 25. Bg5 Be7 26. Bxe7 Kxe7 27. Rae1 Kf6 28. Rh4 Rg6 29. Reh1 Rag8 30. R4h2 Ke7 31. Bd1 R8g7 32. Be2 Rg8 33. Ne1 Kd6 34. Bxg4 hxg4 35. Rh7 R8g7 36. Rh8 Rh7 37. R1xh7 Ne7 1-0

[Event "Asia-ch (Women)"]
[Site "Al Ain"]
[Date "2025.05.07"]
[Round "1"]
[White "Arya, G Mallar"]
[Black "Balabayeva, Kseniya"]
[Result "0-1"]
[WhiteElo "2014"]
[BlackElo "2311"]
[PlyCount "80"]
[EventDate "2025.05.07"]
[EventType "swiss"]
[EventRounds "9"]
[EventCountry "UAE"]
[SourceTitle "CB21_2025"]
[SourceDate "2025.05.21"]
[SourceVersion "1"]
[SourceVersionDate "2025.05.21"]
[SourceQuality "1"]

1. d4 d5 2. c4 e6 3. Nf3 Nf6 4. g3 Be7 5. Bg2 0-0 6. 0-0 dxc4 7. Qc2 c6 8. Nbd2 b5 9. b3 cxb3 10. Nxb3 a5 11. a4 Ba6 12. axb5 Bxb5 13. Ba3 Bxa3 14. Rxa3 Nbd7 15. Rc1 a4 16. Nbd2 Qe7 17. Raa1 a3 18. Nc4 Nd5 19. e4 Nb4 20. Qc3 Bxc4 21. Qxc4 Rfb8 22. Nd2 e5 23. Nb3 a2 24. Rd1 Nb6 25. Qe2 Ra3 26. Qb2 Nc4 27. Qc1 Rxb3 28. Qxc4 Rb2 29. Qc3 Nc2 30. Rac1 exd4 31. Qxc6 a1Q 32. Rxa1 Nxa1 33. Rxa1 d3 34. Bf1 Qd8 35. Qc3 Qb6 36. Qe1 d2 37. Qd1 Qd4 38. Qg4 d1Q 39. Rxd1 Qxf2+ 40. Kh1 Qxh2# 0-1